Coreografiar lo invisible, danza, arte y esoterismo en los albores del siglo XX
Guardat en:
| Autor principal: | |
|---|---|
| Altres autors: | |
| Format: | Desconegut |
| Idioma: | anglès |
| Publicat: |
Vitoria-Gasteiz, España:
Sans Soleil,
2023
|
| Col·lecció: | Colección Lingua Ignota
|
| Matèries: | |
| Etiquetes: |
Afegir etiqueta
Sense etiquetes, Sigues el primer a etiquetar aquest registre!
|
MARC
| LEADER | 00000 a2200000 4500 | ||
|---|---|---|---|
| 003 | CL-VaPUC | ||
| 005 | 20240529104356.0 | ||
| 008 | 240516t2023 ||||| |||| 00| 0 eng d | ||
| 999 | |c 443676 |d 443674 | ||
| 020 | |a 9788412403992 | ||
| 040 | |c Pontificia Universidad Católica de Valparaíso | ||
| 082 | 0 | 4 | |2 22 |a 700.4579 LOP 2023 |
| 100 | 1 | |a López Arnaiz, Irene |e editora |9 888990 | |
| 245 | 1 | 0 | |a Coreografiar lo invisible, danza, arte y esoterismo en los albores del siglo XX |
| 260 | |a Vitoria-Gasteiz, España: |b Sans Soleil, |c 2023 | ||
| 300 | |a 405 páginas: |b ilustraciones | ||
| 490 | 0 | |a Colección Lingua Ignota | |
| 583 | |k GC |c 20240516 | ||
| 650 | 1 | |a Danza en el arte |9 888992 | |
| 650 | 1 | |a Esoterismo |9 369448 | |
| 650 | 1 | |a Ocultismo |9 265006 | |
| 700 | |a López Fernández, Raquel |e editora |9 888991 | ||
| 942 | |2 ddc |c BK | ||
| 952 | |0 0 |1 0 |2 ddc |4 0 |6 700_457900000000000_LOP_2023 |7 0 |8 A |9 594715 |a BIBART |b BIBART |d 2024-05-14 |e 45 |g 31800.00 |i 5661393 |o 700.4579 LOP 2023 |p 5661393 |r 2025-03-13 |t 1 |v 31800.00 |w 2024-05-14 |y BK |k ART | ||